LEADER 01037cam0-2200337---450- 001 990004724070403321 005 20100401140330.0 035 $a000472407 035 $aFED01000472407 035 $a(Aleph)000472407FED01 035 $a000472407 100 $a19990604d1969----km-y0itay50------ba 101 0 $aita 102 $aIT 105 $ay-------001yy 200 1 $a<>letterature dei paesi baltici$eFinlandia, Estonia, Lettonia, Lituania$fsotto la direzione di Giacomo Devoto 205 $aNuova ed. agg. 210 $aFirenze$cSansoni$aMilano$cAccademia$d1969 215 $a570 p.$d20 cm 225 1 $a<>letterature del mondo$v26 610 0 $aLetterature baltiche$aStoria 676 $a891.9 702 1$aDevoto,$bGiacomo$f<1897-1974> 801 0$aIT$bUNINA$gRICA$2UNIMARC 901 $aBK 912 $a990004724070403321 952 $a891.9 DEV 1$bBibl.60711$fFLFBC 952 $a891.9 DEV 1 BIS$bIst.Fil.Cl.4584$fFLFBC 959 $aFLFBC 996 $aLetterature dei paesi baltici$9557803 997 $aUNINA LEADER 01707nam 2200373 n 450 001 996388105903316 005 20221108012928.0 035 $a(CKB)1000000000625828 035 $a(EEBO)2248523368 035 $a(UnM)99872440 035 $a(EXLCZ)991000000000625828 100 $a19850423d1658 uy | 101 0 $aeng 135 $aurbn||||a|bb| 200 12$aA Greek English lexicon containing the derivations and various significations of all the words in the New Testament$b[electronic resource] $ewith a compleat index in Greek and English annexed thereunto: whereunto is added a praxis or an explanation of the second of the Romans, and the Greek dialects contained in the New Testament /$fby T.C. late of C.C.C. in Oxford 210 $aLondon, $cPrinted and are to be sold by Lodowick Lloyd neer the Castle in Cornhil$d1658 215 $a[8], 175, 174-254, 253-343, [169], 345-428 p 300 $aAscribed to Thomas Cokayne. Cf. BM; DNB. 300 $aAlso attributed to Joseph Caryl. Cf. Wing. 300 $aAll after p. 343 is lacking on film. 300 $aReproduction of original in British Library. 330 $aeebo-0018 606 $aGreek language, Biblical$xDictionaries$xEnglish$vEarly works to 1800 615 0$aGreek language, Biblical$xDictionaries$xEnglish 700 $aT. C$g(Thomas Cokayne),$f1587-1638.$01013669 701 $aCaryl$b Joseph$f1602-1673.$01003625 801 0$bCu-RivES 801 1$bCu-RivES 801 2$bCStRLIN 801 2$bWaOLN 906 $aBOOK 912 $a996388105903316 996 $aA Greek English lexicon containing the derivations and various significations of all the words in the New Testament$92358249 997 $aUNISA